000 00615nam a2200217Ia 4500
003 OSt
005 20250818154147.0
008 210210b1967 xxu||||| |||| 00| 0 eng d
040 _cAL
041 _akan
082 _aK894.3 SHOM
100 _aSHOLOKHOV (Mikhail):
_dಶೋಲೋಖೋವ್ ಮಿಖಾಯಿಲ್
_9176413
245 _aManavana padu
_bಮಾನವನ ಪಾಡು
260 _aBengaluru
_bRashmi
_c1967
300 _a91
650 _aNiranjana
_9176414
690 _aKannada Fiction
_9176415
700 _aNiranjana:
_dನಿರಂಜನ tr
_9236223
906 _a027280
942 _2ddc
_cBK
999 _c78571
_d78571